O którym państwie mowa? - Statystyki

Ogólne statystyki
  • Ten quiz został rozwiązany 19 razy
    9 od ostatniego zresetowania
  • Średni wynik to 10 z 16
Statystyki odpowiedzi
Podpowiedź Państwo % Poprawnych
Największe Afrykańskie państwo Algieria
100%
Drugie najmniejsze pod względemPowierzchni państwo świata Monako
100%
Państwo to jest otoczone od południa Przez Hiszpanie i od pólnocy przez Francje Andora
80%
Drugie największe państwo pod względem powierzchni na Oceanii Papua-Nowa Gwinea
80%
Największe państwo pod względem powierzchni którego flagaPosiada tylko dwa kolory Kanada
80%
Z tego kraju pochodziło najwięcej papieży Włochy
80%
Państwo z największą ilością zwycięstw MistrzostwŚwiata w piłce nożnej Brazylia
60%
Curaçao to kraj autonomiczny tego państwa Holandia
60%
Najmniejsze państwo Oceanii pod względem powierzchni Nauru
60%
Państwo graniczące z Gambią Senegal
60%
Państwo z największą ilością kolorów na fladze Belize
40%
Najmniejsze państwo pod względem powierzchniw Ameryce Północnej Saint Kitts i Nevis
40%
Państwo z największą ilością koloru różowego na fladze Hiszpania
40%
Państwo z największą stolicą na świecie Japonia
40%
Państwo z stolicą na równiku Ekwador
20%
Czwarte najmniejsze państwo pod wzgledem ludności Tuvalu
20%
Nie znaleziono quizów pasujących do podanych kryteriów
Rozkład punktacji
Procent ludzi z każdym wynikiem
Percentyl według liczby udzielonych odpowiedzi
Twoja historia wyników
Nie rozwiązałeś tego quizu od ostatniego zresetowania